000 02294cam a2200385 a 4500
001 2497
003 FISKHææ
005 20250319104753.0
008 080416s2009 nyuabf b 001 0deng
010 _a 2008017432
020 _a9780385513531
022 _29781400078455
040 _aDLC
_cDLC
_dDLC
_beng
043 _asa-----
050 0 0 _aF2546
_b.G747 2009
082 0 0 _a918.1/1046
_222
100 1 _aGrann, David
245 1 4 _aThe lost city of Z :
_ba tale of deadly obsession in the Amazon /
_cDavid Grann.
250 _aFIRST VINTAGE DEPARTURES EDITION, JANUARY 2010
260 _aNew York :
_bVintage Books,
_c2009
300 _a400 pages :
_billustrations ;
_c25 cm
500 _aMaps on lining papers.
504 _aIncludes bibliographical references (p. 315-326) and index.
505 0 _aZ
520 _aAfter stumbling upon a hidden trove of diaries, New Yorker writer David Grann set out to solve "the greatest exploration mystery of the twentieth century": what happened to British explorer Percy Fawcett. In 1925 Fawcett ventured into the Amazon to find an ancient civilization. For centuries Europeans believed the world's largest jungle concealed the glittering El Dorado. Thousands had died looking for it, leaving many convinced that the Amazon was truly inimical to humankind. But Fawcett had spent years building his scientific case. Captivating the imagination of millions, he embarked with his 21-year-old son, determined to prove that this ancient civilization--which he dubbed "Z"--existed. Then he and his expedition vanished. Fawcett's fate--and the clues he left behind--became an obsession for hundreds who followed him. As Grann delved deeper into Fawcett's mystery, and the greater mystery of the Amazon, he found himself irresistibly drawn into the "green hell."
521 8 _a1000
_bLexile estimate
521 8 _aZ
_bRaz-Plus
650 0 _aEl Dorado.
650 0 _aExplorers
_zAmazon River Region.
651 0 _aAmazon River Region
_xDescription and travel.
856 4 1 _3Table of contents only
_uhttp://www.loc.gov/catdir/toc/ecip0816/2008017432.html
906 _a7
_bcbc
_corignew
_d1
_eecip
_f20
_gy-gencatlg
942 _2ddc
_cBK
_n0
999 _c2497
_d2497